[Event "XXXIII Memorial Edoardo Crespi Magistrale"]
[Site "Milano ITA"]
[Date "2012.12.07"]
[Round "8"]
[White "Loehnhardt, Benjamin"]
[Black "Coppola, Federico"]
[WhiteElo "2073"]
[BlackElo "1940"]
[Result "1-0"]
[PlyCount "85"]
[EventDate "2012.12.01"]

1. e4 c5 2. Nf3 d6 3. Bb5+ Bd7 4. Bxd7+ Qxd7 5. b3 Nf6 6. Nc3 g6 7. Bb2 Bg7 8.
Nd5 O-O 9. Nxf6+ Bxf6 10. Bxf6 exf6 11. O-O f5 12. e5 Nc6 13. Re1 Rfe8 14. exd6
Qxd6 15. d3 Nd4 16. c3 Nc6 17. Qd2 Red8 18. Rad1 Rd7 19. Qg5 f6 20. Qe3 Re7 21.
Qd2 Rxe1+ 22. Qxe1 Ne5 23. d4 Nxf3+ 24. gxf3 cxd4 25. Rxd4 Qc6 26. Rd3 Re8 27.
Qd2 Re7 28. Kg2 Kg7 29. Rd6 Qc7 30. Qd4 Rf7 31. Rd5 h5 32. c4 Re7 33. Rd6 Rf7
34. Qd5 g5 35. c5 Kg6 36. b4 h4 37. Qe5 Qe7 38. Re6 Qf8 39. Qe2 Qh6 40. h3 Rd7
41. Rd6 Qg7 42. Qe8+ Rf7 43. Rd7 1-0

[Event "XXXIII Memorial Edoardo Crespi Magistrale"]
[Site "Milano ITA"]
[Date "2012.12.07"]
[Round "8"]
[White "Mirzoev, Azer"]
[Black "Solodovnichenko, Yuri"]
[WhiteElo "2553"]
[BlackElo "2557"]
[Result "1/2-1/2"]
[PlyCount "61"]
[EventDate "2012.12.01"]

1. Nf3 c5 2. c4 Nf6 3. g3 b6 4. Bg2 Bb7 5. O-O e6 6. Nc3 Be7 7. d4 cxd4 8. Qxd4
d6 9. Bg5 O-O 10. Rfd1 Nc6 11. Qd2 Qb8 12. Bxf6 Bxf6 13. Qxd6 Qxd6 14. Rxd6 Na5
15. Nd2 Bxg2 16. Kxg2 Rfd8 17. Rxd8+ Rxd8 18. Nde4 Bxc3 19. Nxc3 Nxc4 20. b3
Na3 21. Rd1 Rxd1 22. Nxd1 Kf8 23. Kf3 Ke7 24. Ke4 Kd6 25. Nc3 f5+ 26. Kd3 Kc5
27. e4 Nb5 28. Nxb5 Kxb5 29. a3 Kc5 30. f3 a5 31. Kc3 1/2-1/2

[Event "XXXIII Memorial Edoardo Crespi Magistrale"]
[Site "Milano ITA"]
[Date "2012.12.07"]
[Round "8"]
[White "Moroni, Luca Jr"]
[Black "Jara, Erik"]
[WhiteElo "2114"]
[BlackElo "2173"]
[Result "1-0"]
[PlyCount "71"]
[EventDate "2012.12.01"]

1. Nf3 f5 2. c4 Nf6 3. g3 g6 4. b3 Bg7 5. Bb2 c5 6. Bg2 Nc6 7. O-O O-O 8. e3 e6
9. d4 cxd4 10. Nxd4 a6 11. Qe2 Qc7 12. f4 d6 13. Nc3 e5 14. Nd5 Nxd5 15. Bxd5+
Kh8 16. Nc2 Ne7 17. Qd3 Bd7 18. Rfd1 Rfd8 19. Bg2 Bc6 20. Nb4 Bxg2 21. Kxg2 Qc5
22. Qc3 Rac8 23. Rac1 b5 24. Kg1 Qb6 25. Nd5 Nxd5 26. Rxd5 bxc4 27. bxc4 Rc5
28. Rcd1 Rxd5 29. Rxd5 Rb8 30. Rd2 Rb7 31. a4 exf4 32. c5 Qd8 33. Rxd6 Qxd6 34.
Qxg7+ Rxg7 35. cxd6 Kg8 36. Bxg7 1-0

[Event "XXXIII Memorial Edoardo Crespi Magistrale"]
[Site "Milano ITA"]
[Date "2012.12.07"]
[Round "8"]
[White "Napoli, Nicolo'"]
[Black "Rettore, Ludwig"]
[WhiteElo "2296"]
[BlackElo "2115"]
[Result "1-0"]
[PlyCount "73"]
[EventDate "2012.12.01"]

1. d4 f5 2. Qd3 e6 3. g4 d5 4. Nc3 Nf6 5. Bg5 Be7 6. gxf5 exf5 7. Bh3 O-O 8.
Bxf5 Bxf5 9. Qxf5 c6 10. Nf3 Qd6 11. Rg1 Nbd7 12. Bf4 Qb4 13. Qe6+ Kh8 14.
O-O-O Rae8 15. Ng5 Bc5 16. a3 Qc4 17. Qh3 Bxd4 18. Bd6 Bxc3 19. b3 Qxe2 20.
Qxc3 Qxf2 21. Rg3 h6 22. Bxf8 hxg5 23. Rf3 Qe2 24. Bb4 c5 25. Bxc5 Rc8 26. Qe3
Qxe3+ 27. Bxe3 g4 28. Rg3 a6 29. Bd4 Re8 30. Re3 Rc8 31. Re7 Kg8 32. Bxf6 Nxf6
33. Rxb7 Rc3 34. Rd3 Rc6 35. a4 Re6 36. Rg3 Re1+ 37. Kb2 1-0

[Event "XXXIII Memorial Edoardo Crespi Magistrale"]
[Site "Milano ITA"]
[Date "2012.12.07"]
[Round "8"]
[White "Novelli, Cristiano"]
[Black "Lapiccirella, Mattia"]
[WhiteElo "2051"]
[BlackElo "2197"]
[Result "0-1"]
[PlyCount "90"]
[EventDate "2012.12.01"]

1. e4 c5 2. Nc3 Nc6 3. g3 g6 4. Bg2 Bg7 5. d3 d6 6. Be3 e6 7. Qd2 Qa5 8. Nge2
Nd4 9. O-O Ne7 10. Kh1 Bd7 11. a3 Nxe2 12. Qxe2 O-O 13. Qd2 Nc6 14. Bh6 Nd4 15.
Rac1 Rab8 16. Rfe1 Qc7 17. g4 Bc6 18. Bxg7 Kxg7 19. Re3 f6 20. Rh3 Kg8 21. Re1
b5 22. Nd1 b4 23. axb4 cxb4 24. Ne3 a5 25. Nc4 a4 26. Rh6 Bb5 27. f4 Bxc4 28.
dxc4 e5 29. f5 g5 30. h4 Qg7 31. hxg5 Qxg5 32. Qxg5+ fxg5 33. Rxd6 Nxc2 34. Rc1
b3 35. Rd2 Rfd8 36. Rdxc2 bxc2 37. Rxc2 Rd1+ 38. Kh2 Rb1 39. c5 R1xb2 40. Rc3
R2b3 41. Rc1 a3 42. Bf1 Rb2+ 43. Kg1 a2 44. c6 Rb1 45. c7 Rc8 0-1

[Event "XXXIII Memorial Edoardo Crespi Magistrale"]
[Site "Milano ITA"]
[Date "2012.12.07"]
[Round "8"]
[White "Pelizzola, Danilo"]
[Black "Massironi, Marco"]
[WhiteElo "2062"]
[BlackElo "2214"]
[Result "1-0"]
[PlyCount "97"]
[EventDate "2012.12.01"]

1. e4 c5 2. Nf3 d6 3. d4 cxd4 4. Nxd4 Nf6 5. Nc3 a6 6. Be2 e5 7. Nb3 Be7 8. O-O
O-O 9. Be3 Be6 10. Qd2 Nbd7 11. a4 Nb6 12. a5 Nc4 13. Bxc4 Bxc4 14. Rfd1 Rc8
15. f3 Qc7 16. Nc1 d5 17. exd5 Bb4 18. Bb6 Qd6 19. Nd3 Bxc3 20. Qxc3 Rfe8 21.
Qb4 Qb8 22. d6 Nd5 23. Qa3 Nxb6 24. axb6 Rc6 25. d7 Rd8 26. b3 Be6 27. Nc5 Rxb6
28. Rd2 Rc6 29. Rad1 Qc7 30. Nxe6 Rxe6 31. c4 h6 32. Rd5 e4 33. fxe4 Qf4 34.
Qa5 Qe3+ 35. Kh1 b6 36. Qxa6 Qxe4 37. Qa1 Rf6 38. Qb2 Re6 39. h3 Rg6 40. Re5
Qc6 41. Red5 Re6 42. Qd2 Re7 43. Qd3 Qf6 44. b4 Qf2 45. Qd4 Re3 46. c5 bxc5 47.
bxc5 h5 48. c6 h4 49. Qxe3 1-0

[Event "XXXIII Memorial Edoardo Crespi Magistrale"]
[Site "Milano ITA"]
[Date "2012.12.07"]
[Round "8"]
[White "Rambaldi, Francesco"]
[Black "Welling, Gerard"]
[WhiteElo "2308"]
[BlackElo "2338"]
[Result "1/2-1/2"]
[PlyCount "85"]
[EventDate "2012.12.01"]

1. d4 Nf6 2. c4 e6 3. Nc3 d5 4. cxd5 exd5 5. Bg5 Nbd7 6. e3 c6 7. Bd3 Be7 8.
Qc2 Nh5 9. Bxe7 Qxe7 10. O-O-O Nb6 11. h3 Be6 12. g4 Nf6 13. Nge2 O-O-O 14. Nf4
Kb8 15. g5 Nfd7 16. h4 g6 17. Kb1 h6 18. Nxe6 Qxe6 19. Qe2 hxg5 20. hxg5 Rh3
21. Qf1 Rdh8 22. Qg2 Nc8 23. Ne2 Rxh1 24. Rxh1 Rxh1+ 25. Qxh1 Kc7 26. a3 Qe7
27. Nf4 Qxg5 28. Bxg6 Qf6 29. Bd3 Nd6 30. Qg2 a6 31. Qg3 Qh6 32. Ka2 Nf6 33. f3
Kd7 34. Ng2 Nfe8 35. Ka1 Qh1+ 36. Ka2 Qd1 37. Nf4 Nc4 38. Bf5+ Ke7 39. Qh4+ Kf8
40. Qh8+ Ke7 41. Qh4+ Kf8 42. Qh8+ Ke7 43. Qh4+ 1/2-1/2

[Event "XXXIII Memorial Edoardo Crespi Magistrale"]
[Site "Milano ITA"]
[Date "2012.12.07"]
[Round "8"]
[White "Ricci, Marco"]
[Black "Van Den Bersselaar, Jeroen"]
[WhiteElo "2084"]
[BlackElo "2176"]
[Result "1/2-1/2"]
[PlyCount "39"]
[EventDate "2012.12.01"]

1. e4 c6 2. d4 d5 3. Nd2 dxe4 4. Nxe4 Nf6 5. Nxf6+ gxf6 6. c3 Qd5 7. Qf3 Bf5 8.
Qxd5 cxd5 9. Bf4 Nc6 10. O-O-O O-O-O 11. Bd3 Bxd3 12. Rxd3 e5 13. Be3 h5 14.
Ne2 h4 15. Rhd1 e4 16. R3d2 Bd6 17. Bf4 Ne7 18. Bxd6 Rxd6 19. Nf4 Ng6 20. Nxg6
1/2-1/2

[Event "XXXIII Memorial Edoardo Crespi Magistrale"]
[Site "Milano ITA"]
[Date "2012.12.07"]
[Round "8"]
[White "Sanchez, Joseph"]
[Black "Brunello, Sabino"]
[WhiteElo "2533"]
[BlackElo "2583"]
[Result "0-1"]
[PlyCount "74"]
[EventDate "2012.12.01"]

1. e4 e6 2. d4 d5 3. Nc3 Nf6 4. Bg5 Bb4 5. e5 h6 6. Bd2 Bxc3 7. bxc3 Ne4 8. Qg4
Kf8 9. Bd3 Nxd2 10. Kxd2 c5 11. Nf3 c4 12. Be2 Nc6 13. h4 b5 14. a3 a5 15. Qf4
Rb8 16. Qe3 Qe7 17. h5 Ke8 18. g4 Bd7 19. Rhg1 b4 20. axb4 axb4 21. Rgb1 Kd8
22. cxb4 Rxb4 23. Qc3 Rxb1 24. Rxb1 Kc7 25. Rb5 Ra8 26. Rc5 Qd8 27. Qb2 Qb8 28.
Qxb8+ Rxb8 29. g5 Rb1 30. gxh6 gxh6 31. Nh2 Kb6 32. Rxc6+ Bxc6 33. Ng4 Ka5 34.
Nxh6 Be8 35. Bf3 Kb4 36. Ng4 c3+ 37. Ke3 Ba4 0-1

[Event "XXXIII Memorial Edoardo Crespi Magistrale"]
[Site "Milano ITA"]
[Date "2012.12.07"]
[Round "8"]
[White "Sardo, Gabriele"]
[Black "Villa, Giorgio"]
[WhiteElo "2178"]
[BlackElo "1972"]
[Result "1-0"]
[PlyCount "63"]
[EventDate "2012.12.01"]

1. d4 d5 2. c4 c6 3. Nf3 Nf6 4. Nc3 e6 5. g3 Nbd7 6. Bg2 Bd6 7. O-O O-O 8. Nd2
Re8 9. Qc2 h6 10. Rd1 Bf8 11. e4 Nxe4 12. Ndxe4 dxe4 13. Nxe4 Nf6 14. Bf4 Nxe4
15. Qxe4 Bd6 16. Bd2 e5 17. dxe5 Rxe5 18. Qd4 c5 19. Qc3 Bg4 20. Bf4 Bxd1 21.
Bxe5 Bxe5 22. Qxe5 Qd2 23. Bxb7 Rd8 24. Bd5 Ba4 25. Qe7 Rxd5 26. cxd5 Qxd5 27.
Qe3 Bc6 28. f3 Qf5 29. Rc1 a6 30. Rxc5 Qf6 31. Qc3 Qxf3 32. Rxc6 1-0

[Event "XXXIII Memorial Edoardo Crespi Magistrale"]
[Site "Milano ITA"]
[Date "2012.12.07"]
[Round "8"]
[White "Shishkin, Vadim"]
[Black "Martinez, Rolly"]
[WhiteElo "2501"]
[BlackElo "2441"]
[Result "1/2-1/2"]
[PlyCount "148"]
[EventDate "2012.12.01"]

1. d4 Nf6 2. c4 e6 3. Nc3 Bb4 4. Qc2 O-O 5. a3 Bxc3+ 6. Qxc3 b6 7. Bg5 Bb7 8.
Nf3 d6 9. Nd2 Nbd7 10. f3 c5 11. e4 cxd4 12. Qxd4 Qc7 13. Be2 Qc5 14. Be3 Rfd8
15. b4 Qc7 16. O-O Rac8 17. Rac1 h6 18. Rfd1 Nf8 19. Nb1 Qe7 20. Qb2 Bc6 21.
Nc3 Ng6 22. Bf2 Nh5 23. Bf1 Ne5 24. a4 Be8 25. Qb3 Rc7 26. Nb5 Bxb5 27. cxb5
Rdc8 28. Rxc7 Qxc7 29. Be3 Nf6 30. a5 Ned7 31. Rc1 Qd8 32. Rc6 d5 33. Qc3 Ra8
34. e5 Ne8 35. f4 Rb8 36. Bd3 Nf8 37. Bd4 g6 38. h3 Qh4 39. Qd2 Qd8 40. Qc2 Qh4
41. Qc1 Nd7 42. Bf2 Qd8 43. Qc3 h5 44. g3 Nf8 45. Kg2 Nd7 46. Kh2 Ra8 47. Bf1
Rb8 48. Be2 Ra8 49. Bd3 Rb8 50. g4 hxg4 51. hxg4 Qe7 52. Bg3 Nf8 53. Kh3 Qd8
54. Bh4 Qd7 55. Bf2 Qd8 56. Bd4 Nd7 57. Kg3 Qe7 58. Qd2 Ra8 59. Rc1 Qf8 60. f5
gxf5 61. gxf5 Qg7+ 62. Kf2 Nxe5 63. Be2 Nf6 64. Qf4 Neg4+ 65. Bxg4 Nxg4+ 66.
Kg3 e5 67. Qxg4 exd4 68. Rc7 bxa5 69. bxa5 Rb8 70. Rc5 Rd8 71. b6 axb6 72. axb6
d3 73. Qxg7+ Kxg7 74. Kf3 d2 1/2-1/2

[Event "XXXIII Memorial Edoardo Crespi Magistrale"]
[Site "Milano ITA"]
[Date "2012.12.07"]
[Round "8"]
[White "Stromboli, Carlo"]
[Black "Stella, Andrea"]
[WhiteElo "2326"]
[BlackElo "2453"]
[Result "1/2-1/2"]
[PlyCount "23"]
[EventDate "2012.12.01"]

1. e4 e6 2. d4 d5 3. exd5 exd5 4. Bd3 Nc6 5. c3 Bd6 6. Ne2 Qh4 7. Ng3 Bg4 8.
Nf5 Bxf5 9. Bxf5 Nh6 10. Bxh6 Qxh6 11. g3 Ne7 12. Bd3 1/2-1/2

[Event "XXXIII Memorial Edoardo Crespi Magistrale"]
[Site "Milano ITA"]
[Date "2012.12.07"]
[Round "8"]
[White "Tonndorf, Matthias"]
[Black "Quaranta, Cristiano"]
[WhiteElo "2234"]
[BlackElo "2102"]
[Result "1-0"]
[PlyCount "49"]
[EventDate "2012.12.01"]

1. e4 e6 2. d4 d5 3. e5 c5 4. c3 Nc6 5. Nf3 Bd7 6. a3 f6 7. Bd3 Qc7 8. Bf4
O-O-O 9. b4 c4 10. Bc2 h6 11. h4 fxe5 12. dxe5 g5 13. hxg5 Bg7 14. g6 Rf8 15.
g3 Be8 16. Nd4 Nxd4 17. cxd4 Ne7 18. Qg4 Qb6 19. Be3 Nf5 20. Rh5 Nxe3 21. fxe3
a5 22. Nc3 axb4 23. Nxd5 Qb5 24. Qxe6+ Bd7 25. Qd6 1-0

[Event "XXXIII Memorial Edoardo Crespi Magistrale"]
[Site "Milano ITA"]
[Date "2012.12.07"]
[Round "8"]
[White "Trella, Thomas"]
[Black "Maiorov, Nikita"]
[WhiteElo "2404"]
[BlackElo "2541"]
[Result "0-1"]
[PlyCount "106"]
[EventDate "2012.12.01"]

1. Nf3 Nf6 2. c4 b6 3. g3 Bb7 4. Bg2 g6 5. O-O Bg7 6. Nc3 O-O 7. d4 Ne4 8. Qc2
Nxc3 9. Qxc3 c5 10. Be3 d6 11. Rfd1 Nd7 12. Qd2 cxd4 13. Bxd4 Nf6 14. Ne1 Qc7
15. b3 Rfd8 16. Rac1 Qd7 17. Qd3 Rac8 18. e4 Qe6 19. f3 Bh6 20. Rc2 Nd7 21. h4
f6 22. Kh2 Qf7 23. Bh3 Rc7 24. Be3 Bg7 25. Ng2 f5 26. Nf4 Ne5 27. Qe2 e6 28.
Rcd2 Rcd7 29. Bd4 Nxf3+ 30. Qxf3 Bxd4 31. Rxd4 e5 32. Nd5 exd4 33. exf5 Bxd5
34. cxd5 Qf6 35. Qd3 gxf5 36. Bxf5 Rc7 37. Be6+ Kh8 38. Kh3 Rf8 39. Qxd4 Qxd4
40. Rxd4 Rf2 41. Rg4 Rg7 42. Rc4 h5 43. Rc3 Kh7 44. a4 Kg6 45. g4 hxg4+ 46.
Bxg4 Kf6 47. Re3 Re7 48. Be6 Rf1 49. Kg2 Rf5 50. Rg3 Rf4 51. Kh3 Rh7 52. Bg4
Rg7 53. h5 Rg5 0-1

[Event "XXXIII Memorial Edoardo Crespi Magistrale"]
[Site "Milano ITA"]
[Date "2012.12.07"]
[Round "8"]
[White "Valsecchi, Alessio"]
[Black "Pancevski, Filip"]
[WhiteElo "2422"]
[BlackElo "2512"]
[Result "1/2-1/2"]
[PlyCount "94"]
[EventDate "2012.12.01"]

1. Nf3 d6 2. d4 Nf6 3. c4 g6 4. g3 Bg7 5. Bg2 O-O 6. O-O c6 7. Nc3 Qa5 8. e4 e5
9. h3 Nbd7 10. Re1 exd4 11. Nxd4 Ne5 12. Bf1 Re8 13. Be3 c5 14. Nb3 Qb4 15. a3
Qb6 16. Nd2 Qd8 17. b4 b6 18. Rb1 Be6 19. b5 Bc8 20. Rb3 Bb7 21. f4 Ned7 22.
Bf2 Nf8 23. Nd5 Ne6 24. Nf3 Nc7 25. Rbe3 Nfxd5 26. cxd5 a6 27. bxa6 Bxa6 28.
Bxa6 Rxa6 29. e5 b5 30. e6 f5 31. g4 Qa8 32. gxf5 Qxd5 33. Rd3 Qxf5 34. Rxd6
Rxa3 35. Rd8 Bd4 36. Rxe8+ Nxe8 37. Nxd4 cxd4 38. Qxd4 Rxh3 39. Qe4 Rh5 40. Qc6
Qg4+ 41. Kf1 Kg7 42. Bd4+ Kh6 43. Be3 Rh2 44. f5+ Kh5 45. fxg6 Qh3+ 46. Kg1
Qg3+ 47. Kf1 Qh3+ 1/2-1/2

[Event "XXXIII Memorial Edoardo Crespi Magistrale"]
[Site "Milano ITA"]
[Date "2012.12.08"]
[Round "9"]
[White "Agrifoglio, Fabio"]
[Black "Iudicello, Giovanni"]
[WhiteElo "1984"]
[BlackElo "2149"]
[Result "0-1"]
[PlyCount "54"]
[EventDate "2012.12.01"]

1. d4 Nf6 2. c4 g6 3. f3 Bg7 4. e4 d6 5. Be3 O-O 6. Nc3 e5 7. Nge2 c6 8. Qd2
exd4 9. Nxd4 d5 10. O-O-O dxe4 11. Nxe4 Nxe4 12. fxe4 Qe7 13. Bd3 Nd7 14. Nf3
Ne5 15. Qc2 Nxd3+ 16. Qxd3 Be6 17. Qc2 Qb4 18. Nd2 Rfe8 19. a3 Qe7 20. Nf3 b5
21. b4 Bxc4 22. Nd2 Be6 23. Nf3 a5 24. Bd4 f6 25. Bf2 axb4 26. a4 Bf7 27. Rhe1
Qe6 0-1

[Event "XXXIII Memorial Edoardo Crespi Magistrale"]
[Site "Milano ITA"]
[Date "2012.12.08"]
[Round "9"]
[White "Aleksic, Nenad"]
[Black "Tonndorf, Matthias"]
[WhiteElo "2347"]
[BlackElo "2234"]
[Result "1-0"]
[PlyCount "79"]
[EventDate "2012.12.01"]

1. e4 c5 2. Nf3 e6 3. Nc3 a6 4. g3 b5 5. d4 cxd4 6. Nxd4 Bb7 7. Bg2 Nf6 8. Qe2
d6 9. O-O Nbd7 10. Re1 Rb8 11. Nd5 g6 12. Nxf6+ Qxf6 13. c3 Be7 14. Nf3 Qg7 15.
Bg5 Bxg5 16. Nxg5 Qe5 17. Qd2 h6 18. Nf3 Qc5 19. Rad1 Ke7 20. e5 d5 21. Nd4 Qc7
22. Qe3 Ba8 23. a3 Kf8 24. h4 h5 25. Nf3 Kg7 26. Rd4 Rbf8 27. Ng5 Bc6 28. Rf4
Qc8 29. Qd4 Nb8 30. Re3 Be8 31. Bxd5 Nc6 32. Bxc6 Bxc6 33. Qd6 Rd8 34. Rxf7+
Kg8 35. Rg7+ Kxg7 36. Qe7+ Kh6 37. Nf7+ Kg7 38. Nxd8+ Kh6 39. Nf7+ Kg7 40. Nd6+
1-0

[Event "XXXIII Memorial Edoardo Crespi Magistrale"]
[Site "Milano ITA"]
[Date "2012.12.08"]
[Round "9"]
[White "Bemporad, Filippo"]
[Black "Cani, Gazmir"]
[WhiteElo "2046"]
[BlackElo "2147"]
[Result "1-0"]
[PlyCount "69"]
[EventDate "2012.12.01"]

1. c4 e5 2. d3 Nf6 3. Nf3 Nc6 4. Nc3 Bc5 5. g3 O-O 6. Bg2 d6 7. O-O a6 8. h3
Ne7 9. Rb1 Ba7 10. b4 Ng6 11. a4 c6 12. b5 d5 13. bxc6 bxc6 14. cxd5 cxd5 15.
Bg5 Be6 16. h4 h6 17. h5 Nh8 18. Bh4 g5 19. Nxg5 hxg5 20. Bxg5 Kg7 21. e4 Rc8
22. Nxd5 Bxd5 23. exd5 Qd6 24. Qf3 Nh7 25. Qg4 f5 26. Be7+ fxg4 27. Bxd6 Bd4
28. Be4 Rf6 29. Rb7+ Nf7 30. Be7 Rxf2 31. Rxf2 Rc2 32. Bc5 Bxf2+ 33. Bxf2 Nhg5
34. Be3 Kf8 35. h6 1-0

[Event "XXXIII Memorial Edoardo Crespi Magistrale"]
[Site "Milano ITA"]
[Date "2012.12.08"]
[Round "9"]
[White "Brunello, Sabino"]
[Black "Mirzoev, Azer"]
[WhiteElo "2583"]
[BlackElo "2553"]
[Result "1-0"]
[PlyCount "104"]
[EventDate "2012.12.01"]

1. d4 d5 2. c4 c6 3. Nf3 Nf6 4. Nc3 a6 5. c5 Bf5 6. Nh4 Be4 7. Qb3 Ra7 8. f3
Bg6 9. Bf4 Nbd7 10. e3 e5 11. Nxg6 hxg6 12. Bg3 exd4 13. exd4 Be7 14. O-O-O b6
15. cxb6 Qxb6 16. Qc2 O-O 17. Na4 Qb7 18. Kb1 Rc8 19. Bf2 Qb8 20. g4 Nf8 21. h4
Bd6 22. h5 g5 23. Qf5 N6h7 24. Be3 Re8 25. Bc1 Bf4 26. Qc2 Bxc1 27. Qxc1 Qf4
28. Qxc6 Re6 29. Qxd5 Rd7 30. Qb3 Re3 31. Nc3 Rxf3 32. Bxa6 Nf6 33. Be2 Rf2 34.
Rhf1 Nxg4 35. Bxg4 Rxf1 36. Bxd7 Rxd1+ 37. Qxd1 Nxd7 38. Qd3 g4 39. Ne2 Qf2 40.
a4 Nf6 41. Ka2 Qe1 42. Qb5 Nd5 43. a5 Nc7 44. Qb8+ Kh7 45. Qxc7 Qxe2 46. Qxf7
Qe4 47. Qg6+ Qxg6 48. hxg6+ Kxg6 49. a6 g3 50. a7 g2 51. a8=Q g1=Q 52. Qe4+ Kf7
1-0

[Event "XXXIII Memorial Edoardo Crespi Magistrale"]
[Site "Milano ITA"]
[Date "2012.12.08"]
[Round "9"]
[White "Cazzaniga, Walter"]
[Black "Novelli, Cristiano"]
[WhiteElo "2146"]
[BlackElo "2051"]
[Result "1/2-1/2"]
[PlyCount "98"]
[EventDate "2012.12.01"]

1. d4 d5 2. c4 e5 3. dxe5 d4 4. Nf3 Nc6 5. g3 Bf5 6. a3 a5 7. Bg2 Qd7 8. O-O h5
9. h4 Bc5 10. Nbd2 Nge7 11. Nb3 Ba7 12. Bg5 a4 13. Nc1 Ng6 14. Nd3 Na5 15. Nd2
O-O 16. b4 axb3 17. Nxb3 Nxc4 18. a4 Ncxe5 19. Ndc5 Bxc5 20. Nxc5 Qd6 21. Nxb7
Qb4 22. Bd2 Qb2 23. Qc1 Qb3 24. Nc5 Qb8 25. a5 c6 26. Ra4 Rd8 27. Rb4 Qc8 28.
Rb6 Bh3 29. Qc2 Bxg2 30. Kxg2 d3 31. Nxd3 Nxh4+ 32. gxh4 Qg4+ 33. Kh2 Rxd3 34.
f3 Qxh4+ 35. Kg2 Rd6 36. Rh1 Qc4 37. Qxc4 Nxc4 38. Bf4 Rf6 39. Rb8+ Rxb8 40.
Bxb8 Nxa5 41. Rxh5 Nb3 42. Ba7 Re6 43. Kf2 f6 44. e4 Kf7 45. Ke2 Re7 46. Be3
Rc7 47. Kd3 Rd7+ 48. Kc3 Ke6 49. Rh8 Rb7 1/2-1/2

[Event "XXXIII Memorial Edoardo Crespi Magistrale"]
[Site "Milano ITA"]
[Date "2012.12.08"]
[Round "9"]
[White "Colovic, Aleksandar"]
[Black "Valsecchi, Alessio"]
[WhiteElo "2457"]
[BlackElo "2422"]
[Result "1-0"]
[PlyCount "133"]
[EventDate "2012.12.01"]

1. d4 Nf6 2. Nf3 g6 3. c4 Bg7 4. Nc3 d5 5. cxd5 Nxd5 6. e4 Nxc3 7. bxc3 c5 8.
Bb5+ Nd7 9. O-O O-O 10. a4 a6 11. Be2 Nf6 12. Qd3 Bd7 13. d5 b5 14. axb5 axb5
15. Rxa8 Qxa8 16. c4 Rb8 17. Bg5 bxc4 18. Qxc4 Rb2 19. Qa6 Qb8 20. Bd3 Rb4 21.
Qa5 c4 22. Bc2 Rb2 23. Rc1 h6 24. Bd2 Bg4 25. Nd4 Nxe4 26. Nc6 c3 27. Be3 Qd6
28. Bxe4 f5 29. Bd3 Kh7 30. Qc5 Qxc5 31. Bxc5 Rd2 32. Nb4 f4 33. g3 Bf3 34.
gxf4 Bxd5 35. Nxd5 Rxd3 36. Ne3 Rd7 37. Bb4 Rd4 38. Bxc3 Rxf4 39. Bxg7 Kxg7 40.
Rc7 Re4 41. Kg2 Kf7 42. Kf3 Re5 43. Kf4 Ra5 44. Ng4 g5+ 45. Ke4 Ra4+ 46. Kf3
Rf4+ 47. Kg3 h5 48. Ne3 Re4 49. Rc4 Re5 50. h4 gxh4+ 51. Kxh4 Kg6 52. Ng2 Rf5
53. Nf4+ Kf7 54. Kg3 e5 55. Rc7+ Kf6 56. Rc6+ Kf7 57. Nh3 Kg7 58. f3 Kf7 59.
Kh4 Ke7 60. Ng5 Kd7 61. Ra6 Rf4+ 62. Kxh5 Rf8 63. Kg6 Rf4 64. Rf6 Ra4 65. Kf5
Ra5 66. Ne4 Rb5 67. Re6 1-0

[Event "XXXIII Memorial Edoardo Crespi Magistrale"]
[Site "Milano ITA"]
[Date "2012.12.08"]
[Round "9"]
[White "Damia, Angelo"]
[Black "Gongalov, Bojan"]
[WhiteElo "2281"]
[BlackElo "2116"]
[Result "1/2-1/2"]
[PlyCount "56"]
[EventDate "2012.12.01"]

1. e4 Nf6 2. Nc3 d5 3. exd5 Nxd5 4. Nf3 Nb6 5. a4 a5 6. Be2 g6 7. d3 Bg7 8. Be3
c6 9. Qd2 h6 10. O-O Na6 11. Rfe1 Nb4 12. Bf1 N6d5 13. Nxd5 Nxd5 14. Bd4 O-O
15. Bxg7 Kxg7 16. c4 Nb4 17. Qc3+ Kh7 18. d4 Bg4 19. Ne5 Bf5 20. Rad1 Qd6 21.
Bd3 Bxd3 22. Nxd3 Nxd3 23. Rxd3 Rfd8 24. Rf3 Kg8 25. Qe3 e6 26. Qxh6 Qxd4 27.
b3 Qd2 28. Qxd2 Rxd2 1/2-1/2

[Event "XXXIII Memorial Edoardo Crespi Magistrale"]
[Site "Milano ITA"]
[Date "2012.12.08"]
[Round "9"]
[White "Esposito, Luca"]
[Black "Jara, Erik"]
[WhiteElo "2299"]
[BlackElo "2173"]
[Result "0-1"]
[PlyCount "112"]
[EventDate "2012.12.01"]

1. d4 f5 2. Nf3 Nf6 3. g3 g6 4. Bg2 Bg7 5. b3 c5 6. e3 Qc7 7. O-O O-O 8. Bb2 d6
9. c4 e6 10. Nc3 a6 11. Qd2 Nbd7 12. Rfd1 Rd8 13. Rac1 h6 14. Nh4 g5 15. Nf3
Rb8 16. h4 g4 17. Ne1 b6 18. Nd3 Bb7 19. Bxb7 Qxb7 20. Nf4 Nf8 21. Qd3 Qf3 22.
Ng2 Ne4 23. Rc2 Nxc3 24. Bxc3 Ng6 25. Rcd2 cxd4 26. exd4 Qxd3 27. Rxd3 d5 28.
h5 Nf8 29. cxd5 Rxd5 30. Ne3 Rd7 31. d5 Rbd8 32. Bxg7 Kxg7 33. dxe6 Rxd3 34.
Nxf5+ Kf6 35. Rxd3 Rxd3 36. e7 Kf7 37. exf8=Q+ Kxf8 38. Nxh6 Rd2 39. Nxg4 Rxa2
40. h6 Rb2 41. Nf6 Rxb3 42. g4 Rb5 43. f4 Kf7 44. h7 Kg7 45. Kg2 a5 46. Kf3 a4
47. g5 Rf5 48. Nd7 Kxh7 49. Kg4 Rf7 50. Ne5 Re7 51. Nc6 Rc7 52. Nb4 a3 53. Kh5
Rc4 54. Nd5 a2 55. g6+ Kg7 56. f5 Rc6 0-1

[Event "XXXIII Memorial Edoardo Crespi Magistrale"]
[Site "Milano ITA"]
[Date "2012.12.08"]
[Round "9"]
[White "Iturbide Arnedo, Oscar"]
[Black "Gori, Andrea"]
[WhiteElo "2132"]
[BlackElo "2095"]
[Result "1/2-1/2"]
[PlyCount "149"]
[EventDate "2012.12.01"]

1. d4 Nf6 2. Bg5 Ne4 3. Bf4 d5 4. f3 Nd6 5. Nc3 e6 6. e4 c6 7. Bd3 b6 8. Qe2
Be7 9. Nh3 a5 10. O-O Ba6 11. Nf2 O-O 12. Rfe1 Bg5 13. Bxg5 Qxg5 14. exd5 exd5
15. Qe5 Qxe5 16. dxe5 Nc4 17. b3 Na3 18. Rac1 Bc8 19. Nb1 Nxb1 20. Rxb1 Na6 21.
c3 Nc5 22. Bc2 Ne6 23. g3 c5 24. f4 Re8 25. h4 Bb7 26. Rbd1 Rad8 27. Bd3 d4 28.
c4 Re7 29. Be4 Ra8 30. a4 Bxe4 31. Nxe4 Nc7 32. Nf2 Rae8 33. Ne4 Rd8 34. Kf2
Na6 35. Rd2 Nb4 36. Kf3 Kf8 37. Red1 h5 38. Rg1 Re6 39. Ng5 Re7 40. Ne4 Re6 41.
g4 hxg4+ 42. Rxg4 Rh6 43. Rdg2 Rh7 44. Ng5 Rh6 45. Ne4 Rh7 46. Ng5 Rh6 47. Ne4
g6 48. Nf6 d3 49. Rd2 Nc2 50. Nd5 Nd4+ 51. Ke4 Nxb3 52. Rxd3 Nd4 53. Nxb6 g5
54. Nd5 f5+ 55. exf6 Re8+ 56. Ne7 Rxf6 57. Rxg5 Rxe7+ 58. Re5 Rxe5+ 59. fxe5
Rh6 60. Kd5 Ne6 61. Rf3+ Ke7 62. Rf6 Nc7+ 63. Kc6 Rxh4 64. Kxc7 Rxc4 65. Rc6
Rxa4 66. Rxc5 Ra1 67. Kb6 a4 68. Ka5 Ke6 69. Rc4 a3 70. Ka4 Kxe5 71. Rc3 a2 72.
Ka3 Kd4 73. Rc2 Kd3 74. Rxa2 Rxa2+ 75. Kxa2 1/2-1/2

[Event "XXXIII Memorial Edoardo Crespi Magistrale"]
[Site "Milano ITA"]
[Date "2012.12.08"]
[Round "9"]
[White "Manfredi, Vincenzo"]
[Black "Formento, Paolo"]
[WhiteElo "2230"]
[BlackElo "2167"]
[Result "1/2-1/2"]
[PlyCount "101"]
[EventDate "2012.12.01"]

1. d4 Nf6 2. c4 g6 3. Nc3 Bg7 4. e4 d6 5. f3 O-O 6. Be3 Nc6 7. Nge2 a6 8. Qd2
Rb8 9. h4 h5 10. Nd5 e6 11. Nxf6+ Bxf6 12. g4 hxg4 13. fxg4 Bxh4+ 14. Kd1 g5
15. Kc2 f6 16. Rc1 Ne7 17. Kb1 b6 18. Ng1 c5 19. Nf3 Ng6 20. Be2 Qe7 21. e5
dxe5 22. dxe5 Bb7 23. exf6 Qxf6 24. Rcf1 Be4+ 25. Ka1 Rbd8 26. Qc1 Bxf3 27.
Rxf3 Qe7 28. Qc2 Kg7 29. Bd2 Rxf3 30. Bxf3 Rf8 31. Bc3+ e5 32. Be4 Rf2 33. Qa4
Qe6 34. Bf5 Rxf5 35. gxf5 Qxf5 36. a3 g4 37. Qe8 g3 38. Qc6 Qd3 39. Qc7+ Kh6
40. Qc6 Kg5 41. Re1 Qxc4 42. Qf3 Qf4 43. Qd5 Qf2 44. Bd2+ Kg4 45. Qd7+ Qf5 46.
Qc6 Nf4 47. Rf1 Qd3 48. Qc8+ Qf5 49. Qc6 Qd3 50. Qc8+ Qf5 51. Qc6 1/2-1/2